| 000 | 00400nam a2200145 4500 | ||
|---|---|---|---|
| 001 | 123674 | ||
| 003 | ES-MaACL | ||
| 007 | t| | ||
| 008 | 070214s1903 xxu r ||||1| eng d | ||
| 245 | 0 | 0 | _aRailways in the United States in 1902. |
| 260 |
_aWashington : _bGovernment Printing Office, _c1903. |
||
| 300 |
_a3 v. ; _c31 x 20 cm. |
||
| 500 | _aSon los v. II, IV y V. | ||
| 852 |
_aES-MaACL _jG-14547-49 |
||
| 999 |
_c123674 _d123674 |
||